[Event "EU-ch U14 Girls 31st"]
[Site "Mamaia"]
[Date "2023.09.06"]
[Round "2"]
[White "Bernard, Ines"]
[Black "Nenova, Andzhelika"]
[Result "1-0"]
[WhiteElo "1756"]
[BlackElo "1989"]
[PlyCount "60"]
[EventDate "2023.09.05"]
[EventType "swiss"]
[EventRounds "9"]
[EventCountry "ROU"]
[SourceTitle "EXT 2024"]
[Source "ChessBase"]
[SourceDate "2023.10.10"]
[SourceVersion "1"]
[SourceVersionDate "2023.10.10"]
[SourceQuality "1"]

1. d4 Nf6 2. Bf4 d6 3. Nc3 g6 4. Qd2 Bg7 5. Bh6 0-0 6. 0-0-0 a6 7. h4 b5 8. Bxg7 Kxg7 9. h5 Nxh5 10. e4 f5 11. Be2 fxe4 12. Bxh5 gxh5 13. Qg5+ Kh8 14. Qxh5 Bf5 15. g4 Qd7 16. gxf5 Qxf5 17. Qxf5 Rxf5 18. Nxe4 Nc6 19. Ne2 Rg8 20. N2g3 Rf7 21. Rh5 Kg7 22. Nf5+ Kf8 23. Nh6 Rf4 24. Nxg8 Rxe4 25. Nh6 Nxd4 26. f3 Rf4 27. Rg5 Ke8 28. Rg4 Ne2+ 29. Kd2 Rf6 30. Ng8 Re6 1-0

[Event "FRA-ch U12/16 Girls"]
[Site "Agen"]
[Date "2023.04.26"]
[Round "5"]
[White "Chevillon, Manon"]
[Black "Bernard, Ines"]
[Result "0-1"]
[WhiteElo "1418"]
[BlackElo "1615"]
[PlyCount "160"]
[EventDate "2023.04.23"]
[EventType "swiss"]
[EventRounds "9"]
[EventCountry "FRA"]
[SourceTitle "CBM 214 Extra"]
[Source "ChessBase"]
[SourceDate "2023.07.31"]
[SourceVersion "1"]
[SourceVersionDate "2023.07.31"]
[SourceQuality "1"]

1. e4 c5 2. Nf3 Nc6 3. d4 cxd4 4. Nxd4 g6 5. Nc3 Bg7 6. Be3 Nf6 7. Be2 0-0 8. Qd2 d5 9. exd5 Nxd5 10. Nxc6 bxc6 11. Nxd5 cxd5 12. c3 Qa5 13. 0-0 Bf5 14. Rfd1 Rfd8 15. b4 Qc7 16. Rac1 Rab8 17. a4 e5 18. f4 d4 19. cxd4 Qe7 20. fxe5 Bxe5 21. b5 Qh4 22. Bf3 Bxh2+ 23. Kf1 Bg3 24. Ke2 Re8 25. Rh1 Qg5 26. Rc3 Bf4 27. Re1 Bg3 28. Rf1 Bf4 29. Re1 Bg4 30. Bxg4 Qxg4+ 31. Kf1 Bg3 32. Rec1 Qe4 33. Bf2 Bf4 34. Qc2 Bxc1 35. Qxc1 Rb6 36. Re3 Qa8 37. Rf3 a6 38. Rxf7 Qe4 39. Rc7 axb5 40. axb5 Qe2+ 41. Kg1 Rf6 42. Rc2 Qxb5 43. Qd1 Ref8 44. Rd2 Qd5 45. Re2 Rf5 46. Qd2 Qa5 47. Qd1 Qd5 48. Rd2 Rh5 49. Qe2 Rhf5 50. Qd1 Qe4 51. Re2 Qd5 52. Rd2 Rb8 53. Rc2 Qe4 54. Re2 Rb1 55. Rxe4 Rxd1+ 56. Be1 Rd5 57. Kf2 R5xd4 58. Re7 Rd7 59. Re2 Kf7 60. Bc3 R1d5 61. Bb4 Rf5+ 62. Kg3 h5 63. Re3 g5 64. Bc3 Rfd5 65. Rf3+ Kg8 66. Bf6 Rd3 67. Bxg5 Rxf3+ 68. Kxf3 Kh7 69. g3 Kg6 70. Bh4 Kf5 71. Ke3 Kg4 72. Ke4 Rd2 73. Ke3 Rg2 74. Bd8 Kxg3 75. Bc7+ Kg4 76. Ke4 h4 77. Ke3 h3 78. Bf4 h2 79. Bxh2 Rxh2 80. Kd3 Kf3 0-1

[Event "FRA-ch U12/16 Girls"]
[Site "Agen"]
[Date "2023.04.25"]
[Round "4"]
[White "Bernard, Ines"]
[Black "Mence, Eline"]
[Result "1/2-1/2"]
[WhiteElo "1615"]
[BlackElo "1801"]
[PlyCount "66"]
[EventDate "2023.04.23"]
[EventType "swiss"]
[EventRounds "9"]
[EventCountry "FRA"]
[SourceTitle "CBM 214 Extra"]
[Source "ChessBase"]
[SourceDate "2023.07.31"]
[SourceVersion "1"]
[SourceVersionDate "2023.07.31"]
[SourceQuality "1"]

1. d4 d5 2. Bf4 c5 3. e3 Nc6 4. Nf3 Bf5 5. Nbd2 e6 6. Ne5 Bd6 7. Bb5 Nge7 8. c3 a6 9. Bxc6+ bxc6 10. Qa4 Qc7 11. g4 Bg6 12. Nxg6 hxg6 13. Bxd6 Qxd6 14. Nf1 a5 15. Qa3 Qb8 16. Qb3 Qa7 17. Qa4 Qb6 18. Rb1 cxd4 19. Qxd4 Qxd4 20. cxd4 a4 21. Nd2 g5 22. Rc1 Kd7 23. Nf3 f6 24. Ke2 Rab8 25. Rc2 Rb6 26. h4 gxh4 27. Rxh4 Rhb8 28. b3 axb3 29. axb3 Rxb3 30. Rh7 Rg8 31. Ne1 Kd6 32. Nd3 Rb7 33. Nc5 Ra7 1/2-1/2

[Event "EU-ch U12 Girls 30th"]
[Site "Antalya"]
[Date "2022.11.10"]
[Round "5"]
[White "Bernard, Ines"]
[Black "Krkyasharyan, Sona"]
[Result "1/2-1/2"]
[WhiteElo "1564"]
[BlackElo "1410"]
[PlyCount "88"]
[EventDate "2022.11.06"]
[EventType "swiss"]
[EventRounds "9"]
[EventCountry "TUR"]
[SourceTitle "CBM 211 Extra"]
[Source "ChessBase"]
[SourceDate "2023.01.31"]
[SourceVersion "1"]
[SourceVersionDate "2023.01.31"]
[SourceQuality "1"]

1. d4 d5 2. Bf4 c5 3. c3 Nf6 4. e3 Nc6 5. Nd2 Bf5 6. Ngf3 e6 7. Bb5 a6 8. Bxc6+ bxc6 9. 0-0 Be7 10. Qa4 Qb6 11. Ne5 Rc8 12. Ndf3 0-0 13. Qb3 Qb5 14. h3 c4 15. Qxb5 cxb5 16. a3 a5 17. Rfc1 Ne4 18. g4 Bg6 19. Nxg6 hxg6 20. Rc2 Ra8 21. Ne5 Rfc8 22. f3 Nd6 23. Re1 g5 24. Bg3 Kh7 25. e4 Ra7 26. exd5 exd5 27. Rce2 Bf8 28. f4 f6 29. Nf3 Ne4 30. Bh2 gxf4 31. Bxf4 g6 32. g5 f5 33. h4 b4 34. cxb4 axb4 35. axb4 Bxb4 36. Rc1 Ra4 37. h5 Ra2 38. Rcc2 gxh5 39. Rh2 c3 40. bxc3 Rxc2 41. Rxc2 Bd6 42. Rb2 Rxc3 43. Rb7+ Kg8 44. Rd7 Rc1+ 1/2-1/2

[Event "FRA-ch U12 Girls"]
[Site "Agen"]
[Date "2022.04.19"]
[Round "4"]
[White "Maret, Anna"]
[Black "Bernard, Ines"]
[Result "1-0"]
[WhiteElo "1303"]
[BlackElo "1463"]
[PlyCount "115"]
[EventDate "2022.04.16"]
[EventType "swiss"]
[EventRounds "9"]
[EventCountry "FRA"]
[SourceTitle "EXT 2023"]
[Source "ChessBase"]
[SourceDate "2022.10.05"]
[SourceVersion "1"]
[SourceVersionDate "2022.10.05"]
[SourceQuality "1"]

1. e4 e6 2. d4 d5 3. exd5 exd5 4. Nf3 Bd6 5. Bd3 Ne7 6. 0-0 0-0 7. Re1 c6 8. Nbd2 Bf5 9. Rxe7 Bxd3 10. Rxb7 Bb5 11. a4 Qc8 12. Rxb8 Qxb8 13. axb5 Qxb5 14. Nf1 Rfe8 15. Ne3 Qb7 16. b3 Qd7 17. Ba3 Bf4 18. Qd3 Bxe3 19. fxe3 Qe6 20. Re1 a5 21. Nd2 a4 22. e4 axb3 23. Qxb3 dxe4 24. Rxe4 Qxb3 25. Rxe8+ Rxe8 26. Nxb3 Re2 27. c3 f6 28. Kf1 Ra2 29. Bb4 Ra6 30. Na5 Kf7 31. Ke2 Ke6 32. g4 g6 33. Kd3 f5 34. g5 Kd7 35. c4 Ke6 36. Nxc6 Ra2 37. d5+ Kd7 38. Ne5+ Kc8 39. d6 Ra1 40. c5 Ra4 41. Kc4 Ra1 42. Kb5 Rb1 43. Kc6 Rxb4 44. d7+ Kd8 45. Nf7+ Ke7 46. d8Q+ Kxf7 47. Qf6+ Kg8 48. Qd8+ Kg7 49. Qe7+ Kg8 50. Kd5 Rb1 51. c6 Rd1+ 52. Ke6 Re1+ 53. Kf6 Rxe7 54. Kxe7 h6 55. c7 hxg5 56. c8Q+ Kg7 57. Qc3+ Kh7 58. Kf7 1-0

[Event "FRA-ch U12"]
[Site "Agen"]
[Date "2021.10.31"]
[Round "9"]
[White "Bernard, Ines"]
[Black "Bat, Anu"]
[Result "1/2-1/2"]
[WhiteElo "1324"]
[BlackElo "1504"]
[PlyCount "96"]
[EventDate "2021.10.22"]
[EventType "swiss"]
[EventRounds "9"]
[EventCountry "FRA"]
[SourceTitle "EXT 2023"]
[Source "ChessBase"]
[SourceDate "2022.10.05"]
[SourceVersion "1"]
[SourceVersionDate "2022.10.05"]
[SourceQuality "1"]

1. d4 g6 2. e4 Bg7 3. Nf3 d6 4. Bf4 Nd7 5. c3 e5 6. Bg3 Nh6 7. Bc4 0-0 8. 0-0 Kh8 9. dxe5 dxe5 10. Bh4 f6 11. Qc1 Qe7 12. Na3 Nb6 13. Bb3 Bg4 14. Nd2 g5 15. Bg3 Nf7 16. f3 Be6 17. Bxe6 Qxe6 18. Qc2 h5 19. Qb3 Qe7 20. Bf2 Bh6 21. Rad1 Rad8 22. Ndc4 Nxc4 23. Nxc4 b6 24. Ne3 Nd6 25. Nd5 Qg7 26. Be3 Rd7 27. Rd2 f5 28. exf5 Nxf5 29. c4 Nxe3 30. Qxe3 c6 31. Qe4 cxd5 32. cxd5 Rf4 33. Qc2 Rc7 34. Qb3 g4 35. Rdf2 gxf3 36. Rxf3 Rxf3 37. Qxf3 h4 38. d6 Rd7 39. Qa8+ Qg8 40. Qe4 Bf4 41. Rxf4 exf4 42. Qe5+ Qg7 43. Qh5+ Qh7 44. Qe8+ Qg8 45. Qxd7 Qxa2 46. Qd8+ Kg7 47. Qg5+ Kf7 48. Qf5+ Ke8 1/2-1/2

[Event "FRA-ch U12"]
[Site "Agen"]
[Date "2021.10.28"]
[Round "6"]
[White "Bernard, Ines"]
[Black "Chevillon, Manon"]
[Result "1-0"]
[WhiteElo "1324"]
[BlackElo "1327"]
[PlyCount "111"]
[EventDate "2021.10.22"]
[EventType "swiss"]
[EventRounds "9"]
[EventCountry "FRA"]
[SourceTitle "EXT 2023"]
[Source "ChessBase"]
[SourceDate "2022.10.05"]
[SourceVersion "1"]
[SourceVersionDate "2022.10.05"]
[SourceQuality "1"]

1. d4 Nf6 2. Bf4 e6 3. e3 c5 4. c3 d5 5. Nd2 Nc6 6. Ngf3 Bd6 7. Ne5 0-0 8. Bd3 Ne7 9. g4 Ng6 10. Nxg6 fxg6 11. Bg3 Bxg3 12. hxg3 Nd7 13. Qe2 e5 14. 0-0-0 e4 15. Nxe4 Qc7 16. Ng5 Nf6 17. f3 h6 18. Nh3 g5 19. Qh2 Kf7 20. Qc2 c4 21. Bg6+ Ke7 22. e4 Be6 23. exd5 Bxd5 24. Rde1+ Kd8 25. Be4 Bc6 26. d5 Bd7 27. Nf2 Qxg3 28. Rhg1 Qc7 29. Nd1 Rb8 30. Ne3 b5 31. Nf5 Rf7 32. Rd1 Bxf5 33. Bxf5 Ne8 34. Rd4 Nd6 35. Be4 a6 36. a4 Qa5 37. axb5 axb5 38. Re1 Ra8 39. Bg6 Rf8 40. Re6 Ra6 41. Be4 Qa1+ 42. Qb1 Qa5 43. Rd1 Qc7 44. Re1 Qa7 45. Kd2 Qf2+ 46. Re2 Qa7 47. Bf5 Rf7 48. Qe1 Rd7 49. Re8+ Nxe8 50. Rxe8+ Kc7 51. Bxd7 Ra2 52. Qe5+ Kb6 53. Qd6+ Ka5 54. Qb4+ Kb6 55. Re6+ Kc7 56. Qd6+ 1-0

[Event "Europe Echecs Blitz May op"]
[Site "Europe Echecs INT"]
[Date "2021.05.09"]
[Round "6"]
[White "Bernard, Ines"]
[Black "Loubieres, Francois"]
[Result "1/2-1/2"]
[WhiteElo "1219"]
[BlackElo "1703"]
[PlyCount "128"]
[EventDate "2021.05.09"]
[EventType "swiss (blitz)"]
[EventRounds "11"]
[EventCountry "FRA"]
[SourceTitle "CBM 202 Extra"]
[Source "ChessBase"]
[SourceDate "2021.07.31"]
[SourceVersion "1"]
[SourceVersionDate "2021.07.31"]
[SourceQuality "1"]

1. d4 d5 2. Bf4 Bf5 3. Nf3 Nf6 4. e3 e6 5. c3 Bd6 6. Bg3 0-0 7. Nbd2 c6 8. Be2 Ne4 9. 0-0 Nxg3 10. hxg3 Nd7 11. Nh4 Bg6 12. Nxg6 fxg6 13. Nf3 e5 14. dxe5 Bxe5 15. Nxe5 Nxe5 16. Qd4 Qf6 17. c4 Nxc4 18. Qxf6 Rxf6 19. Bxc4 dxc4 20. Rac1 b5 21. Rcd1 Kf8 22. Rd7 Rf7 23. Rd4 Re7 24. Rfd1 Ke8 25. Rd6 Rc8 26. Kf1 c5 27. R6d5 a5 28. Ke2 b4 29. Rc1 c3 30. bxc3 bxc3 31. Rxc3 Rb7 32. Rc2 a4 33. Kf3 a3 34. Ke2 Rb2 35. Rdd2 Rcb8 36. Kd3 Rd8+ 37. Kc3 Rxd2 38. Rxd2 Rxd2 39. Kxd2 Kd7 40. Kc3 Kd6 41. Kc4 Kc6 42. g4 h5 43. g5 Kd6 44. e4 Kc6 45. f4 Kd6 46. e5+ Kc6 47. e6 Kd6 48. e7 Kxe7 49. Kxc5 Ke6 50. Kd4 Kf5 51. Ke3 Kg4 52. Kf2 Kxf4 53. Ke2 Kxg5 54. Kf2 Kf4 55. g3+ Kg4 56. Kg2 g5 57. Kf2 h4 58. gxh4 gxh4 59. Kg2 g5 60. Kf2 h3 61. Kg1 Kg3 62. Kh1 Kf2 63. Kh2 g4 64. Kh1 g3 1/2-1/2

[Event "Europe Echecs Blitz May op"]
[Site "Europe Echecs INT"]
[Date "2021.05.09"]
[Round "8"]
[White "Bernard, Ines"]
[Black "Theodore, Simon"]
[Result "0-1"]
[WhiteElo "1219"]
[BlackElo "1783"]
[PlyCount "102"]
[EventDate "2021.05.09"]
[EventType "swiss (blitz)"]
[EventRounds "11"]
[EventCountry "FRA"]
[SourceTitle "CBM 202 Extra"]
[Source "ChessBase"]
[SourceDate "2021.07.31"]
[SourceVersion "1"]
[SourceVersionDate "2021.07.31"]
[SourceQuality "1"]

1. d4 d5 2. Bf4 Nf6 3. Nf3 g6 4. e3 Bg7 5. Bd3 0-0 6. Nbd2 b6 7. 0-0 Bb7 8. c3 Nbd7 9. Qe2 c5 10. Rac1 Nh5 11. Bg3 Nxg3 12. fxg3 e5 13. dxc5 e4 14. Bxe4 dxe4 15. Nd4 Nxc5 16. b4 Nd3 17. Rcd1 Rc8 18. c4 Bxd4 19. exd4 Qxd4+ 20. Kh1 Nxb4 21. Rfe1 Nd3 22. Nb3 Qf6 23. Rf1 Qc6 24. Nc1 Qxc4 25. Nxd3 exd3 26. Qxd3 Qxd3 27. Rxd3 Ba6 28. Rdf3 Bxf1 29. Rxf1 Rc2 30. Ra1 Re8 31. h3 Ree2 32. Rg1 Rxa2 33. g4 Rxg2 34. Rxg2 Rxg2 35. Kxg2 a5 36. Kf2 a4 37. Ke3 a3 38. Kd2 a2 39. Kc2 a1Q 40. g5 Qe5 41. h4 Qg3 42. h5 Qxg5 43. h6 Qxh6 44. Kc3 Qf4 45. Kd3 Kg7 46. Ke2 Kf6 47. Ke1 Ke5 48. Kd1 Qf2 49. Kc1 Kd4 50. Kb1 Kc3 51. Ka1 Qb2# 0-1

[Event "Cappelle Online Blitz op"]
[Site "Europe Echecs INT"]
[Date "2021.03.07"]
[Round "5"]
[White "Bernard, Ines"]
[Black "Barzic, Mickael"]
[Result "0-1"]
[WhiteElo "1219"]
[BlackElo "1544"]
[PlyCount "43"]
[EventDate "2021.03.07"]
[EventType "swiss (blitz)"]
[EventRounds "11"]
[EventCountry "FRA"]
[SourceTitle "CBM 201 Extra"]
[Source "ChessBase"]
[SourceDate "2021.05.31"]
[SourceVersion "1"]
[SourceVersionDate "2021.05.31"]
[SourceQuality "1"]

1. d4 f5 2. Bf4 Nf6 3. Nf3 e6 4. e3 d5 5. Ne5 c6 6. Bd3 Be7 7. c3 0-0 8. Nd2 Ne4 9. Ndf3 Nd7 10. Qc2 Ndf6 11. 0-0 Ng4 12. h3 Ngf6 13. Nd2 Bd7 14. Nxd7 Qxd7 15. Nf3 Bd6 16. Ne5 Qd8 17. f3 Bxe5 18. dxe5 Nd6 19. exd6 Ne8 20. c4 Nxd6 21. cxd5 exd5 22. Bxf5 0-1

[Event "Cappelle Online Blitz op"]
[Site "Europe Echecs INT"]
[Date "2021.03.07"]
[Round "10"]
[White "Bernard, Ines"]
[Black "Valdazo, Raphael"]
[Result "0-1"]
[WhiteElo "1219"]
[BlackElo "1713"]
[PlyCount "166"]
[EventDate "2021.03.07"]
[EventType "swiss (blitz)"]
[EventRounds "11"]
[EventCountry "FRA"]
[SourceTitle "CBM 201 Extra"]
[Source "ChessBase"]
[SourceDate "2021.05.31"]
[SourceVersion "1"]
[SourceVersionDate "2021.05.31"]
[SourceQuality "1"]

1. d4 d5 2. c3 e6 3. Nf3 Nf6 4. Bf4 c5 5. e3 Bd6 6. Bb5+ Nc6 7. Ne5 Bd7 8. Nxd7 Qxd7 9. Bg3 a6 10. Ba4 b5 11. Bb3 c4 12. Bc2 Bxg3 13. hxg3 Ne4 14. Nd2 f5 15. Nf3 0-0 16. Qe2 b4 17. cxb4 Nxb4 18. Bxe4 fxe4 19. Ne5 Qa4 20. 0-0 Rab8 21. Qg4 Rf6 22. a3 Nd3 23. Rab1 Rbf8 24. Qe2 Nxe5 25. dxe5 Rf5 26. f4 exf3 27. gxf3 Rxe5 28. f4 Re4 29. Qf3 Qb3 30. Kf2 Qc2+ 31. Kg1 Qd3 32. Rfe1 g5 33. Kf2 d4 34. Rbd1 dxe3+ 35. Kg2 Qc2+ 36. Kg1 gxf4 37. Qg4+ Kh8 38. gxf4 Qf2+ 39. Kh1 Rg8 40. Qh3 Rxf4 41. Rf1 Rh4 42. Rxf2 Rxh3+ 43. Rh2 Rgg3 44. Re1 e5 45. Rxh3 Rxh3+ 46. Kg2 Rh5 47. Rxe3 Kg7 48. Rc3 Rg5+ 49. Kf3 Rf5+ 50. Ke4 Kf6 51. Rh3 h5 52. Rc3 h4 53. Rh3 Rf4+ 54. Ke3 Kf5 55. Rh2 e4 56. Rg2 Rf3+ 57. Ke2 h3 58. Rh2 Kf4 59. Ke1 e3 60. Ke2 Rf2+ 61. Rxf2+ exf2 62. Kxf2 h2 63. Kg2 Ke3 64. Kxh2 Kd2 65. Kg3 Kc2 66. Kf4 Kxb2 67. Ke4 c3 68. Kd3 c2 69. Kd4 c1Q 70. a4 Kb3 71. Kd5 Kxa4 72. Kd6 Kb5 73. Ke5 Qc4 74. Kd6 a5 75. Kd7 a4 76. Kd6 a3 77. Kd7 a2 78. Kd6 a1Q 79. Kd7 Qd1+ 80. Ke7 Qce2+ 81. Kf6 Qdf1+ 82. Kg7 Qeg2+ 83. Kh6 Qfh1# 0-1

[Event "Cappelle Online Blitz op"]
[Site "Europe Echecs INT"]
[Date "2021.03.07"]
[Round "2"]
[White "Morelle, Ludovic"]
[Black "Bernard, Ines"]
[Result "1-0"]
[WhiteElo "2314"]
[BlackElo "1219"]
[PlyCount "49"]
[EventDate "2021.03.07"]
[EventType "swiss (blitz)"]
[EventRounds "11"]
[EventCountry "FRA"]
[SourceTitle "CBM 201 Extra"]
[Source "ChessBase"]
[SourceDate "2021.05.31"]
[SourceVersion "1"]
[SourceVersionDate "2021.05.31"]
[SourceQuality "1"]

1. e4 e6 2. Nf3 d5 3. Nc3 Bc5 4. d4 Bb6 5. Bd3 dxe4 6. Nxe4 Ne7 7. 0-0 h6 8. Re1 Nbc6 9. c3 0-0 10. Qe2 Nd5 11. Ng3 Re8 12. Ne5 Nxe5 13. dxe5 Qe7 14. a3 c6 15. c4 Nc7 16. Qe4 g6 17. Bxh6 Kh7 18. Qf4 Rh8 19. Bg5 Qf8 20. Bf6 Kg8 21. Bxh8 Kxh8 22. Rad1 Bd7 23. Bxg6 Be8 24. Qh4+ Kg7 25. Qh7# 1-0

[Event "Cappelle Online Blitz op"]
[Site "Europe Echecs INT"]
[Date "2021.03.07"]
[Round "7"]
[White "Roussat, Fabien"]
[Black "Bernard, Ines"]
[Result "1-0"]
[WhiteElo "1681"]
[BlackElo "1219"]
[PlyCount "65"]
[EventDate "2021.03.07"]
[EventType "swiss (blitz)"]
[EventRounds "11"]
[EventCountry "FRA"]
[SourceTitle "CBM 201 Extra"]
[Source "ChessBase"]
[SourceDate "2021.05.31"]
[SourceVersion "1"]
[SourceVersionDate "2021.05.31"]
[SourceQuality "1"]

1. d4 d5 2. c4 c6 3. Nf3 Nf6 4. Nc3 Bf5 5. cxd5 cxd5 6. Qb3 Qd7 7. e4 Nxe4 8. Ne5 Qc7 9. Nxd5 Qc8 10. Bf4 e6 11. Rc1 Nc6 12. Nxc6 exd5 13. Ne5 Qd8 14. Bb5+ Ke7 15. 0-0 f6 16. Nf3 Kf7 17. Rc7+ Kg8 18. Rfc1 g5 19. Bg3 Nxg3 20. hxg3 b6 21. Bd3 Bxd3 22. Qxd3 Bd6 23. R7c6 Be7 24. Qf5 Kg7 25. Rc7 Re8 26. R1c6 Kg8 27. Nh2 Rf8 28. Ng4 Rf7 29. Nh6+ Kg7 30. Nxf7 Kxf7 31. Qxh7+ Kf8 32. Rxf6+ Ke8 33. Qf7# 1-0

[Event "Trophee Roza Lallemand Online"]
[Site "Tornelo INT"]
[Date "2020.12.13"]
[Round "8"]
[White "Bernard, Ines"]
[Black "Pentcheff, Laura"]
[Result "1/2-1/2"]
[WhiteElo "1219"]
[BlackElo "1567"]
[PlyCount "116"]
[EventDate "2020.12.13"]
[EventType "swiss (rapid)"]
[EventRounds "9"]
[EventCountry "USA"]
[SourceTitle "EXT 2022"]
[Source "ChessBase"]
[SourceDate "2021.10.06"]
[SourceVersion "1"]
[SourceVersionDate "2021.10.06"]
[SourceQuality "1"]

1. d4 d5 2. Nf3 Nf6 3. Bf4 e6 4. e3 Bd6 5. Bg3 c6 6. c3 Qc7 7. Bd3 Nbd7 8. Bc2 e5 9. Qe2 0-0 10. a3 Re8 11. Bb3 b6 12. 0-0 a5 13. Qc2 c5 14. Rd1 Bb7 15. c4 dxc4 16. Qxc4 Bd5 17. Qc3 Ne4 18. Qc2 Bxb3 19. Qxb3 Nxg3 20. fxg3 exd4 21. exd4 cxd4 22. Nxd4 Bc5 23. Qd3 Ne5 24. Qc3 Rac8 25. Kh1 Qd7 26. Qd2 Red8 27. Nf3 Qxd2 28. Rxd2 Be3 29. Rxd8+ Rxd8 30. Nc3 Nxf3 31. gxf3 Rd2 32. Re1 Rd3 33. Nd1 Rxd1 34. Rxd1 h5 35. Re1 Bd2 36. Rd1 Be3 37. Rd3 Bc1 38. Rb3 Kf8 39. Rxb6 Ke7 40. Ra6 Bxb2 41. Rxa5 g6 42. Kg2 Kd6 43. Kh3 Kc6 44. Ra7 f6 45. Ra6+ Kb5 46. Rxf6 Bxf6 47. g4 hxg4+ 48. Kxg4 Ka4 49. h4 Kxa3 50. h5 g5 51. h6 Kb3 52. h7 Kc3 53. h8Q Bxh8 54. Kxg5 Kd3 55. f4 Ke4 56. f5 Ke5 57. Kg6 Bf6 58. Kh5 Kxf5 1/2-1/2

[Event "Trophee Roza Lallemand Online"]
[Site "Tornelo INT"]
[Date "2020.12.13"]
[Round "6"]
[White "Bernard, Ines"]
[Black "Stoll, Lucia"]
[Result "0-1"]
[WhiteElo "1219"]
[BlackElo "1574"]
[PlyCount "58"]
[EventDate "2020.12.13"]
[EventType "swiss (rapid)"]
[EventRounds "9"]
[EventCountry "USA"]
[SourceTitle "EXT 2022"]
[Source "ChessBase"]
[SourceDate "2021.10.06"]
[SourceVersion "1"]
[SourceVersionDate "2021.10.06"]
[SourceQuality "1"]

1. d4 Nf6 2. c4 e6 3. Nc3 d5 4. Nf3 Be7 5. Bf4 0-0 6. e3 b6 7. Bd3 dxc4 8. Bxc4 Bb7 9. 0-0 Nh5 10. Bg3 Nxg3 11. fxg3 c5 12. a3 Qc7 13. Bb3 cxd4 14. exd4 Rd8 15. Rc1 Nc6 16. Nb5 Qd7 17. Bc2 a6 18. Nc3 Nxd4 19. Nxd4 Qxd4+ 20. Kh1 Qc5 21. Qe2 a5 22. Na2 Ba6 23. Qf3 Kh8 24. Rfe1 Qd5 25. Qxf7 Bxa3 26. Qxe6 Qxe6 27. Rxe6 Bxb2 28. Rb1 Bc4 29. Rxb2 Bxe6 0-1